000 00603nam a2200217Ia 4500
005 20221118102857.0
008 131103s9999 xx 000 0 und d
020 _a333608909
040 _aLoreto College
041 _aEnglish
082 _a821.709
_bKIT
245 _aColeridge,Keats and Shelley
_cedited by Peter J.Kitson
260 _aHoundsmill
_bMacmillan
_c1996
300 _aix,241 p.
504 _aIncludes bibliographical references and index
650 _aEnglish Poetry
651 _a19th century - Romantic Poets
700 _aKitson,Peter J.,ed.
850 _aLCLIB
942 _cBK
999 _c5779
_d56258